00842nam a2200253Ia 4500008004100000020001800041050000800059050001400067100001900081245003500100245003100135245001900166260001500185260001600200260000900216300001600225300002800241300001000269500016700279650002500446650002000471650002500491700007200516170711s9999 xx 000 0 und d a9780439834391 a973 bK265 2008 aKeenan, Sheila aGreetings from the 50 states : bhow they got their names / cSheila Keenan. aNew York : bScholastic, c2008 a112 pages : bcolored illustrations ; c28cm. aSummary : The story behind each state's name and nickname is told in this informative book providing historical facts, fun trivia, and a helpful geography lesson. aNames, Geographical. aU.S. States -- xJuvenile literature. aTitle : Greetings from the fifty states : how they got their names.